00883nam a2200205 i 4500001000700000003000900007005001700016007000300033008004100036100003900077245016200116260010500278300003000383490006400413700003100477710003000508710004900538830006400587852002600651124971ES-MaACL20250810063036.0t|070425s1942 sp ||||1| spa d1 aJordana de Pozas, Luis,d1890-198310aElogio de Álvaro López Núñez : bconferencia pronunciada en la Escuela Social de Madrid el día 27 de febrero de 1942 / cpor Luis Jordana de Pozas. aMadrid : b[s.n.], c1942 (fImp. y Enc. de los Sobrinos de la Sucesora de M. Minuesa de los Ríos) a20 p., 1 retr. ; c21 cm.1 aPublicaciones del Instituto Nacional de Previsión ; v5511 aLópez Núñez, Alvaro.2 aEscuela Social de Madrid.2 aInstituto Nacional de Previsión (España)1 aPublicaciones del Instituto Nacional de Previsión ; v551 aES-MaACLjC-12631(13)